| 000 | 00383 a2200109 4500 | ||
|---|---|---|---|
| 001 | ART_23945 | ||
| 005 | 20260410161933.0 | ||
| 008 | 260409a | ||
| 245 | 1 | 0 | _aLos cambios en la tasa inflacionaria y el coeficiente fijo de las fórmulas de reajuste de precios |
| 100 | 1 | _aArias, José Alberto | |
| 773 | 0 |
_tInforme _g- Año VIII, Nº 46 (ene./mar. 1976) _wREV23765 |
|
| 999 |
_c28748 _d28748 |
||